Seguro de pérdida de beneficios (Record no. 140462)

MARC details
000 -LEADER
campo de control de longitud fija 00586nam a2200169 4500
001 - NÚMERO DE CONTROL
campo de control 140462
003 - IDENTIFICADOR DE NÚMERO DE CONTROL
campo de control ES-MaACL
005 - FECHA Y HORA DE LA ÚLTIMA TRANSACCIÓN
campo de control 20230906200101.0
007 - CAMPO FIJO DE DESCRIPCIÓN FÍSICA--INFORMACIÓN GENERAL
campo de control de longitud fija t|
008 - DATOS DE LONGITUD FIJA--INFORMACIÓN GENERAL
campo de control de longitud fija 070214s1973 sp r ||||1| spa d
110 2# - ENTRADA PRINCIPAL--NOMBRE DE ENTIDAD CORPORATIVA
Nombre de entidad corporativa o nombre de jurisdicción como elemento de entrada Chartered Insurance Institute (London)
9 (RLIN) 2797
245 10 - MENCIÓN DEL TÍTULO
Título Seguro de pérdida de beneficios
Resto del título : curso de seguros del Chartered Insurance Institute /
Mención de responsabilidad, etc. [traducción del inglés Mapfre Estudios].
260 ## - PUBLICACIÓN, DISTRIBUCIÓN, ETC.
Lugar de publicación, distribución, etc. Madrid :
Nombre del editor, distribuidor, etc. Mapfre,
Fecha de publicación, distribución, etc. 1973 (
Fabricante Jiménez)
300 ## - DESCRIPCIÓN FÍSICA
Extensión 212 p. ;
Dimensiones 21 cm.
710 2# - ENTRADA AGREGADA--NOMBRE DE ENTIDAD CORPORATIVA
Nombre de entidad corporativa o nombre de jurisdicción como elemento de entrada Mapfre Estudios (Madrid)
9 (RLIN) 5646
852 ## - LOCALIZACIÓN
Ubicación ES-MaACL
Número de control de estantería C-54761
Sublocalización o colección R.87099
Holdings
Estatus retirado Estado de pérdida Estado de daño No para préstamo Biblioteca de origen Biblioteca actual Ubicación en estantería Fecha de adquisición Fuente de adquisición Total de préstamos Signatura topográfica completa Código de barras Visto por última vez Precio de reemplazo Tipo de ítem Koha
        Biblioteca del Ateneo de Madrid Biblioteca del Ateneo de Madrid Depósito 2 17/01/2008     C-54761 1146170 23/02/2023 23/02/2023 Libro impreso